[Event "FSGM August"]
[Site "Budapest HUN"]
[Date "2008.08.07"]
[Round "6"]
[White "Lorscheid,G"]
[Black "Duong The Anh"]
[Result "0-1"]
[WhiteElo "2348"]
[BlackElo "2445"]

1.d4 d5 2.c4 c6 3.Nc3 Nf6 4.e3 e6 5.Nf3 Nbd7 6.Bd3 dxc4 7.Bxc4 b5 8.Bd3 Bd6
9.O-O O-O 10.b3 Bb7 11.Bb2 Qe7 12.Ne4 Nxe4 13.Bxe4 f5 14.Bd3 Rad8 15.e4 fxe4
16.Bxe4 Nf6 17.Bd3 c5 18.dxc5 Bxc5 19.Qe2 Nh5 20.Be4 Nf4 21.Qc2 Rc8 22.Qb1 Nh3+
23.gxh3 Rxf3 24.Bxh7+ Kh8 25.Be4 Rcf8 26.Bxb7 Rxf2  0-1

[Event "17th Open"]
[Site "Kavala GRE"]
[Date "2008.08.07"]
[Round "9"]
[White "Georgiev,Ki"]
[Black "Kotanjian,T"]
[Result "1-0"]
[WhiteElo "2671"]
[BlackElo "2578"]

1.d4 d5 2.c4 c6 3.Nf3 Nf6 4.Nc3 e6 5.e3 Nbd7 6.Bd3 dxc4 7.Bxc4 b5 8.Bd3 Bb7
9.a3 Bd6 10.O-O O-O 11.Qc2 Qb8 12.h3 e5 13.Ne4 Nxe4 14.Bxe4 g6 15.dxe5 Nxe5
16.Bd2 Nxf3+ 17.Bxf3 c5 18.Bxb7 Qxb7 19.Rfd1 Rfd8 20.Bc3 Qe7 21.g3 a5 22.b3 Qe6
23.Rac1 b4 24.Ba1 Be7 25.axb4 axb4 26.h4 f6 27.Bb2 Kg7 28.Kg2 Rac8 29.Ra1 Rxd1
30.Rxd1 h5 31.Kg1 Kf7 32.Rc1 Rd8 33.e4 Rd7 34.Re1 Rd8 35.e5 f5 36.Bc1 Rd5
37.Bf4 Rd4 38.Bg5 Bf8 39.Bf4 Be7 40.Bg5 Bf8 41.Qa2 Re4 42.Qa7+ Kg8 43.Rxe4 fxe4
44.Qb8 Qxb3 45.Be7 Qd1+ 46.Kh2 Qf3 47.Bxc5 g5 48.e6 e3 49.Bxe3 gxh4 50.e7 hxg3+
51.Kg1 gxf2+ 52.Bxf2 Qg4+ 53.Kh2 Qf5 54.e8=Q Qxf2+ 55.Kh3 Qf5+ 56.Kg2 Qd5+
57.Kf2 Qf5+ 58.Ke3 Qc5+ 59.Ke4 Qc4+ 60.Ke5 Qe2+ 61.Kd5 Qd3+ 62.Kc6 Qf3+ 63.Kb6 Qf2+
64.Kb7  1-0

[Event "17th Open"]
[Site "Kavala GRE"]
[Date "2008.08.07"]
[Round "9"]
[White "Kuljasevic,D"]
[Black "Frolyanov,D"]
[Result "1/2-1/2"]
[WhiteElo "2501"]
[BlackElo "2567"]

1.d4 d5 2.c4 e6 3.Nc3 c6 4.e3 Nf6 5.Nf3 Nbd7 6.Qc2 Bd6 7.b3 O-O 8.Be2 Re8
9.O-O dxc4 10.bxc4 e5 11.Rd1 exd4 12.exd4 Nf8 13.h3 Ng6 14.Rb1 Qc7 15.Bd3 Bd7
16.Bg5 Be7 17.Re1  1/2-1/2

[Event "Arctic Chess Challenge"]
[Site "Tromso NOR"]
[Date "2008.08.07"]
[Round "6"]
[White "Royset,J"]
[Black "Skage,O"]
[Result "1-0"]
[WhiteElo "2208"]
[BlackElo "1973"]

1.d4 d5 2.c4 c6 3.Nf3 Nf6 4.e3 e6 5.Nc3 Bd6 6.b3 Nbd7 7.Be2 O-O 8.O-O b6
9.Qc2 Bb7 10.Bb2 Qe7 11.Rad1 dxc4 12.bxc4 e5 13.Rfe1 e4 14.Nd2 Rfe8 15.f4 h5
16.Kh1 Nb8 17.Rb1 Na6 18.Qd1 Nb4 19.Bxh5 Nd3 20.Rf1 Bb4 21.Ba1 Nxh5 22.Qxh5 g6
23.Qh6 Ba6 24.Ncxe4 Bxd2 25.d5 Qxe4 26.Qg7+  1-0

[Event "Arctic Chess Challenge"]
[Site "Tromso NOR"]
[Date "2008.08.07"]
[Round "6"]
[White "Prakken,G"]
[Black "Gandrud,V"]
[Result "1/2-1/2"]
[WhiteElo "2220"]
[BlackElo "2002"]

1.d4 d5 2.c4 e6 3.Nc3 c6 4.e3 Nf6 5.Nf3 Nbd7 6.Bd3 Bd6 7.e4 dxe4 8.Nxe4 Nxe4
9.Bxe4 Bb4+ 10.Bd2 Bxd2+ 11.Qxd2 Nf6 12.Bc2 O-O 13.O-O Qc7 14.b4 b6 15.c5 Ba6
16.Rfe1 Rad8 17.Re5 Rd5 18.Rxd5 exd5 19.Re1 Re8 20.Re5 Rxe5 21.Nxe5 Nd7 22.Nxd7 Qxd7
23.Qf4 Qe8 24.Qe3 Qxe3 25.fxe3 g6 26.Kf2 f5 27.cxb6 axb6 28.a4 Kf7 29.Kf3 Bc8
30.a5 b5 31.h3 h6 32.g4 fxg4+ 33.hxg4 g5 34.Bf5 Bb7 35.e4 Ke7 36.Bh7 Kf7
37.Ke3 Ba6 38.Bf5 Ke7 39.Bg6 Bb7 40.Kd3 Ba6 41.Bh7 Kf7  1/2-1/2

[Event "US Open"]
[Site "Dallas USA"]
[Date "2008.08.08"]
[Round "7"]
[White "Fernandez,Dani"]
[Black "Parry,M"]
[Result "0-1"]
[WhiteElo "2401"]
[BlackElo "2270"]

1.Nf3 d5 2.d4 Nf6 3.c4 e6 4.Nc3 c6 5.e3 Nbd7 6.Qc2 Bd6 7.Bd3 O-O 8.O-O dxc4
9.Bxc4 b5 10.Be2 Bb7 11.e4 e5 12.Rd1 Qc7 13.dxe5 Nxe5 14.Nd4 Ng6 15.g3 Rfe8
16.Bxb5 Be5 17.Bf1 Rad8 18.Nde2 Rxd1 19.Nxd1 Rd8 20.Bg2 Qa5 21.Ndc3 Ba6 22.Nf4 Bxc3
23.bxc3 Nxf4 24.Bxf4 Bd3 25.Qb3 Bxe4 26.Bxe4 Nxe4 27.Re1 Qd5 28.Bc7 Rc8 29.Qb7 Rf8
30.Qb4 Ng5 31.Re3 Nf3+ 32.Kf1 Qd1+ 33.Kg2 Ne1+ 34.Kh3 Nc2 35.Qe7 Nxe3 36.fxe3 Qf1+
37.Kg4 Qe2+ 38.Kh3 Qf1+ 39.Kg4 Qc4+ 40.Kf3 Qd5+  0-1

[Event "83rd ch-ARG"]
[Site "La Plata ARG"]
[Date "2008.08.08"]
[Round "9"]
[White "Peralta,Fe"]
[Black "Lemos,D"]
[Result "1/2-1/2"]
[WhiteElo "2558"]
[BlackElo "2479"]

1.d4 d5 2.c4 c6 3.Nf3 Nf6 4.Nc3 e6 5.e3 Nbd7 6.Bd3 dxc4 7.Bxc4 b5 8.Bd3 Bd6
9.a3 O-O 10.O-O a6 11.Ne4 Nxe4 12.Bxe4 Bb7 13.b4 a5 14.Bd2 axb4 15.axb4 Qe7
16.Rxa8 Rxa8 17.Qb1 g6 18.Rc1 Ra6 19.Bd3 e5 20.h3 Bb8 21.Bc3 Ra3 22.Nd2 exd4
23.exd4 Nf6 24.Qb2 Rxc3 25.Qxc3 Nd5 26.Qb2 Nf4 27.Bf1 c5 28.Rxc5 Qe1 29.Nf3 Bxf3
30.gxf3 Nxh3+ 31.Kg2 Nf4+ 32.Kg1 Bd6 33.Rxb5 h5 34.Rb6 Be7 35.d5 Kh7 36.Rb8 Kh6
37.Re8 Nh3+ 38.Kg2 Nf4+ 39.Kg1 Nh3+ 40.Kg2  1/2-1/2

[Event "Petrovskaya Ladya Open"]
[Site "Peterhof RUS"]
[Date "2008.08.08"]
[Round "7"]
[White "Zhidkov,V"]
[Black "Burshanov,M"]
[Result "1-0"]
[WhiteElo "2346"]
[BlackElo "1939"]

1.d4 Nf6 2.Nf3 d5 3.c4 e6 4.Nc3 c6 5.e3 Bd6 6.Qc2 Nbd7 7.Bd2 a6 8.e4 dxe4
9.Nxe4 Nxe4 10.Qxe4 Nf6 11.Qh4 c5 12.Bd3 cxd4 13.O-O O-O 14.Bg5 h6 15.Bxh6 gxh6
16.Qxh6 Re8 17.Ng5 Bxh2+ 18.Qxh2 Kf8 19.Qh4 b6 20.Rae1 Bb7 21.Qh6+ Ke7 22.Rxe6+ fxe6
23.Qg7+ Kd6 24.Nf7+  1-0

[Event "Abkhasian Open"]
[Site "Sukhumi GEO"]
[Date "2008.08.08"]
[Round "6"]
[White "Pushkov,N"]
[Black "Taysayev,T"]
[Result "1-0"]
[WhiteElo "2514"]
[BlackElo "2164"]

1.d4 Nf6 2.Nf3 d5 3.c4 c6 4.e3 e6 5.Nc3 Be7 6.Bd3 O-O 7.O-O c5 8.a3 cxd4
9.exd4 dxc4 10.Bxc4 a6 11.Qe2 b5 12.Bb3 Bb7 13.Rd1 Nd5 14.Ne4 Nd7 15.Bd2 Qb6
16.Ne5 Nxe5 17.dxe5 Qd4 18.Nc3 Nxc3 19.Bxc3 Qe4 20.Qxe4 Bxe4 21.Rd7 Rfe8
22.Bb4 Bxb4 23.axb4 Rac8 24.f3 Bc6 25.Rd6 Kf8 26.Kf2 Ke7 27.Ke3 Bb7 28.Rb6 Rc7
29.Rd1 Rd8 30.Rdd6 Rdd7 31.h4 Ke8 32.h5 Bc8 33.Rdc6 Rxc6 34.Rxc6 Bb7 35.h6 g6
36.Rc5 Ke7 37.g4 f6 38.exf6+ Kxf6 39.f4 Ke7 40.Re5 Rd6 41.Rc5 Rd7 42.Bc2 Kd6
43.Be4 Bxe4 44.Kxe4 Rd8 45.Rc3 Rb8 46.Rd3+ Ke7 47.Ke5 a5 48.Ra3 a4 49.Rc3 Kd7
50.Rd3+ Ke7 51.Rd6 Rc8 52.Rb6  1-0

[Event "Najdorf Memorial Open"]
[Site "Warsaw POL"]
[Date "2008.08.08"]
[Round "7"]
[White "Staniszewski,Pi"]
[Black "Grigoryan,Av"]
[Result "0-1"]
[WhiteElo "2416"]
[BlackElo "2537"]

1.d4 d5 2.c4 c6 3.Nf3 Nf6 4.Nc3 e6 5.e3 Nbd7 6.Bd3 dxc4 7.Bxc4 b5 8.Bd3 Bd6
9.O-O O-O 10.e4 e5 11.Bg5 exd4 12.Nxd4 Ne5 13.Bc2 Bc5 14.Nf5 Kh8 15.Qe2 Be6
16.Rad1 Qb6 17.Bb3 Rae8 18.h3 a5 19.Qc2 Bxf5 20.exf5 a4 21.Bxa4 Qc7 22.Ne2 Bb6
23.Bb3 Nf3+ 24.gxf3 Rxe2 25.Qxe2 Qg3+ 26.Kh1 Qxh3+ 27.Kg1 Bc7 28.f4 Ng4  0-1

[Event "XXXIV Open"]
[Site "Badalona ESP"]
[Date "2008.08.09"]
[Round "9"]
[White "Vittorino,C"]
[Black "Cuartas,Ja"]
[Result "1/2-1/2"]
[WhiteElo "2357"]
[BlackElo "2495"]

1.c4 c6 2.d4 d5 3.Nf3 Nf6 4.Nc3 e6 5.e3 Nbd7 6.Qc2 Bd6 7.Be2 O-O 8.O-O Qe7
9.h3 b6 10.e4 dxe4 11.Nxe4 Nxe4 12.Qxe4  1/2-1/2

[Event "FSGM August"]
[Site "Budapest HUN"]
[Date "2008.08.09"]
[Round "8"]
[White "Lorscheid,G"]
[Black "Nguyen Huynh Minh Huy"]
[Result "1-0"]
[WhiteElo "2348"]
[BlackElo "2477"]

1.d4 d5 2.c4 c6 3.Nc3 Nf6 4.e3 e6 5.Nf3 Nbd7 6.Bd3 dxc4 7.Bxc4 b5 8.Bd3 b4
9.Ne4 Nxe4 10.Bxe4 Bb7 11.O-O Bd6 12.a3 a5 13.Qc2 Rc8 14.axb4 axb4 15.Nd2 Bb8
16.Nb3 c5 17.Bxb7 Qc7 18.g3 Qxb7 19.Nxc5 Nxc5 20.dxc5 O-O 21.e4 f5 22.Qc4 Qxe4
23.Qxe4 fxe4 24.Be3 Be5 25.Ra4 Rb8 26.b3 Bc3 27.Rd1 Rfd8 28.Rxd8+ Rxd8 29.Ra7 Kf8
30.c6 Rc8 31.Bc5+ Kg8 32.Ra6 Kf7 33.Rb6 Kf6 34.Bd6 Be5 35.Bxb4 Ra8 36.Bc5  1-0

[Event "5th Open"]
[Site "Kalamaria GRE"]
[Date "2008.08.09"]
[Round "8"]
[White "Milanovic,Da"]
[Black "Haznedaroglu,K"]
[Result "1/2-1/2"]
[WhiteElo "2529"]
[BlackElo "2444"]

1.Nf3 d5 2.c4 c6 3.e3 Nf6 4.Nc3 e6 5.d4 Nbd7 6.Qc2 Bd6 7.g4 dxc4 8.Bxc4 e5
9.h3 O-O 10.Bd2 exd4 11.Nxd4 Ne5 12.Be2 Nd5 13.Nxd5 cxd5 14.Bc3 Bd7 15.Nf5 Bxf5
16.Qxf5 g6 17.Qc2 Rc8 18.Qd2 Qe7 19.Qd4 b5 20.a3 a5 21.Qxd5 b4 22.Bd4 Nc6
23.Bb6 Be5 24.a4 Qb7 25.Bc5 Rfd8 26.Qe4 Bxb2 27.Rb1 Bc3+ 28.Kf1 Re8 29.Qg2 Qd7
30.Rd1 Qe6 31.Bb5 Qb3 32.Qd5 Qxd5 33.Rxd5 Re5 34.Rxe5 Nxe5 35.Bb6 b3 36.Ke2 Bb4
37.Rb1 Rc2+ 38.Kd1 Rd2+ 39.Kc1 Rc2+ 40.Kd1 Rd2+ 41.Kc1 Rc2+  1/2-1/2

[Event "Najdorf Memorial Open"]
[Site "Warsaw POL"]
[Date "2008.08.09"]
[Round "8"]
[White "Grigoryan,Av"]
[Black "Salem,AR"]
[Result "1/2-1/2"]
[WhiteElo "2537"]
[BlackElo "2443"]

1.Nf3 Nf6 2.c4 c6 3.Nc3 d5 4.e3 e6 5.d4 Nbd7 6.Bd3 dxc4 7.Bxc4 b5 8.Bd3 a6
9.e4 c5 10.d5 Qc7 11.O-O c4 12.Bc2 Bc5 13.Qe2 Ne5 14.Nxe5 Qxe5 15.Be3 Bxe3
16.Qxe3 Ng4 17.Qg3 Qxg3 18.hxg3 Bb7 19.Rfe1 O-O-O 20.f3 Nf6 21.dxe6 fxe6
22.b4 Rd2 23.Re2 Rhd8 24.Kf2 Nh5 25.Rc1 e5 26.Re1 g6 27.Nb1 Rxe2+ 28.Rxe2 Kc7
29.Re1 Ng7 30.Ke3 Ne6 31.Rc1 h5 32.Nc3 Nd4 33.Bb1 Bc6 34.f4 Bb7 35.a4 Nb3
36.Re1 bxa4 37.Nxa4 Re8 38.Nb2 Bd5 39.Na4 Bg8 40.Nc3 Rb8 41.fxe5 Re8 42.Kf4 Nd4
43.Rd1 Nc6 44.Rd6 g5+ 45.Ke3 Rxe5 46.Rh6 Nxb4 47.Kd4 Re6 48.Rxh5 Nc6+ 49.Kc5 Re5+
50.Nd5+ Bxd5 51.exd5 Ne7 52.Rh7 Rxd5+ 53.Kxc4 Re5 54.Kd4 Re1 55.Be4 Kd7 56.Rg7 Rd1+
57.Ke5 a5 58.Rxg5 a4 59.Kf6 Rd6+ 60.Kf7 Ra6 61.Re5 Nc6 62.Bxc6+ Kxc6 63.Re6+ Kb5
64.Re1 a3 65.g4 Ra4 66.Rb1+ Rb4 67.Ra1 Rxg4 68.Rxa3  1/2-1/2

[Event "Najdorf Memorial Open"]
[Site "Warsaw POL"]
[Date "2008.08.09"]
[Round "8"]
[White "Moranda,W"]
[Black "Bobras,P"]
[Result "1/2-1/2"]
[WhiteElo "2533"]
[BlackElo "2561"]

1.d4 d5 2.c4 c6 3.Nc3 Nf6 4.e3 e6 5.Nf3 Nbd7 6.Bd3 dxc4 7.Bxc4 b5 8.Bd3 Bb7
9.O-O a6 10.e4 c5 11.d5 Qc7 12.Bc2 c4 13.dxe6 fxe6 14.Ng5 Nc5 15.Qf3 O-O-O
16.Qh3 Bd6 17.b4 cxb3 18.Bxb3 Kb8 19.Be3 Bf4 20.Bxf4 Qxf4 21.Nxe6 Nxe6 22.Bxe6 Nxe4
23.Nxe4 Qxe4 24.Qg3+ Ka8 25.Rfe1  1/2-1/2

[Event "Najdorf Memorial Open"]
[Site "Warsaw POL"]
[Date "2008.08.09"]
[Round "8"]
[White "Paprocki,J"]
[Black "Wierzbicka,W"]
[Result "1-0"]
[WhiteElo "2218"]
[BlackElo "2033"]

1.d4 d5 2.c4 c6 3.Nf3 Nf6 4.Nc3 e6 5.e3 Nbd7 6.Bd3 dxc4 7.Bxc4 b5 8.Bd3 b4
9.Ne4 Nxe4 10.Bxe4 Bb7 11.O-O Rc8 12.Nd2 Be7 13.Nc4 O-O 14.Bd2 Ba6 15.Rc1 c5
16.Qb3 Nf6 17.Bd3 cxd4 18.exd4 Qxd4 19.Be3 Qh4 20.Bxa7 Ng4 21.h3 Nf6 22.Rfe1 Bb7
23.Ne3 Ne4 24.Rc2 Rxc2 25.Qxc2 Ra8 26.Bb6 Rxa2 27.Ng4 Nd6 28.Qc7 Ra8 29.Bf1 Rc8
30.Qd7 Bc6 31.Qa7 Bb7 32.Bc5 h5 33.Bxd6 Bxd6 34.Qxb7 Rc2 35.Qe4 hxg4 36.Qxc2 gxh3
37.gxh3 Qf4 38.Bg2 g6 39.Re4 Qf6 40.Qd2 Bc5 41.Rc4 Bf8 42.Rc8 b3 43.Qb4 Qg7
44.Qe7 Qh6 45.Qf6 Kh7 46.Qxf7+ Bg7 47.Qg8+  1-0

[Event "Acropolis Open"]
[Site "Athens GRE"]
[Date "2008.08.10"]
[Round "2"]
[White "Grigoriadis,A"]
[Black "Graf,A"]
[Result "0-1"]
[WhiteElo "2417"]
[BlackElo "2621"]

1.c4 e6 2.Nf3 d5 3.d4 Nf6 4.Nc3 c6 5.e3 Nbd7 6.Be2 b6 7.O-O Bb7 8.b3 Bd6
9.Bb2 O-O 10.Rc1 Qe7 11.Bd3 Rfe8 12.e4 dxe4 13.Nxe4 Nxe4 14.Bxe4 Nf6 15.Bd3 c5
16.dxc5 Bxc5 17.Qe2 Rad8 18.Rcd1 h6 19.Bc2 Ng4 20.h3 Rxd1 21.Bxd1 Nf6 22.Bc2 Rd8
23.Rd1 Rxd1+ 24.Qxd1 Ne4 25.Bd4 Qd8 26.Qd3 Ng5 27.Bxc5 Nxf3+ 28.gxf3 Qxd3
29.Bxd3 bxc5 30.f4 g5 31.fxg5 hxg5 32.Kh2 Kg7 33.Kg3 Kf6 34.f4 gxf4+ 35.Kxf4 e5+
36.Ke3 Kg5 37.Be4 Bc8 38.Bd5 f6 39.a3 a5 40.b4 cxb4 41.axb4 axb4 42.c5 Bxh3  0-1

[Event "US Open"]
[Site "Dallas USA"]
[Date "2008.08.10"]
[Round "9"]
[White "Lu,E"]
[Black "Battaglini,G"]
[Result "1/2-1/2"]
[WhiteElo "2185"]
[BlackElo "2341"]

1.Nf3 d5 2.d4 Nf6 3.c4 e6 4.Nc3 c6 5.e3 Nbd7 6.Qc2 Bd6 7.Be2 O-O 8.O-O dxc4
9.Bxc4 b5 10.Be2 Bb7 11.e4 e5 12.Rd1 Qc7 13.g3 a6 14.Bg5 exd4 15.Nxd4 b4
16.Nf5 Be5 17.Na4 c5 18.f3 g6 19.Ne7+ Kh8 20.Bxf6+ Bxf6 21.Nd5 Bxd5 22.Rxd5 Qa7
23.Kg2 Bd4 24.Rxd7 Qxd7 25.Nb6 Qd6 26.Nxa8 Rxa8 27.Rd1 Kg7 28.Bc4 h5 29.a3 Rb8
30.a4 h4 31.b3 Rh8 32.Qe2 Qd7 33.Rh1 h3+ 34.Kf1 f5 35.e5 Re8 36.e6 Qc6 37.Ke1 Rd8
38.Kd2 Bc3+ 39.Kc1 Rd2 40.Qe3 Ra2 41.Rd1 Ra1+ 42.Kc2 Ra2+ 43.Kc1 Ra1+  1/2-1/2

[Event "US Open"]
[Site "Dallas USA"]
[Date "2008.08.10"]
[Round "9"]
[White "Haskel,J"]
[Black "Pamatmat,J"]
[Result "1/2-1/2"]
[WhiteElo "2101"]
[BlackElo "1844"]

1.d4 d5 2.Nf3 Nf6 3.c4 c6 4.e3 e6 5.Nc3 Nbd7 6.Qc2 Bd6 7.b3 O-O 8.Be2 b6
9.O-O Bb7 10.Rd1 Qe7 11.e4 dxe4 12.Nxe4 Nxe4 13.Qxe4 Nf6 14.Qh4 c5 15.Bg5 h6
16.Bxf6 Qxf6 17.Qxf6 gxf6 18.d5 Rad8 19.Nh4 Be5 20.Rac1 Bf4 21.Rc3 Bg5 22.g3 Bxh4
23.gxh4 exd5 24.Rg3+ Kh8 25.Bf3 Rd7 26.Bxd5 Bxd5 27.cxd5 Rfd8 28.Rgd3 Rd6
29.Kg2 Kg7 30.Kf3 f5 31.Kf4 Kf6 32.h5 Rg8 33.Rg3 Rgd8 34.Rgd3 Rg8 35.Rg3 Rgd8
36.Rgd3  1/2-1/2

[Event "Open"]
[Site "Davos SUI"]
[Date "2008.08.10"]
[Round "1"]
[White "Smith,Bri"]
[Black "Curien,N"]
[Result "0-1"]
[WhiteElo "1803"]
[BlackElo "2235"]

1.d4 d5 2.Nf3 e6 3.e3 Nf6 4.c4 c6 5.Nc3 Nbd7 6.cxd5 exd5 7.Bd3 Bd6 8.O-O O-O
9.e4 dxe4 10.Nxe4 Nxe4 11.Bxe4 h6 12.Bc2 Nf6 13.Re1 Bg4 14.h3 Bh5 15.Qd3 Bg6
16.Qb3 Bxc2 17.Qxc2 Qa5 18.Bd2 Qd5 19.a3 Rfe8 20.Rxe8+ Rxe8 21.Re1 Rxe1+
22.Bxe1 Ne4 23.Nd2 Ng5 24.Qc4 Qf5 25.h4 Ne6 26.Nf3 Nf4 27.Qb3 Qg4  0-1

[Event "ch-Euro Seniors"]
[Site "Davos SUI"]
[Date "2008.08.10"]
[Round "2"]
[White "Bondick,K"]
[Black "Klundt,K"]
[Result "0-1"]
[WhiteElo "2159"]
[BlackElo "2361"]

1.d4 Nf6 2.c4 c6 3.Nc3 d5 4.Nf3 e6 5.e3 Nbd7 6.Bd3 dxc4 7.Bxc4 b5 8.Bb3 Bb7
9.O-O Be7 10.Re1 O-O 11.Bc2 b4 12.Ne2 c5 13.b3 Qc7 14.Bb2 cxd4 15.Nexd4 Rfd8
16.Nd2 Nc5 17.Rc1 e5 18.Nf5 Bf8 19.Qe2 g6 20.Ng3 Ba6 21.Nc4 Nfd7 22.e4 Rac8
23.Nf1 Bh6 24.Nfe3 Nb6 25.Bxe5 Qxe5 26.Nxe5 Bxe2 27.Rxe2 Nxe4 28.Rd1 Nc3
29.Rxd8+ Rxd8 30.Re1 Bxe3 31.Rxe3 Rd2 32.Bd3 Rd1+ 33.Bf1 Nbd5  0-1

[Event "5th Open"]
[Site "Kalamaria GRE"]
[Date "2008.08.10"]
[Round "9"]
[White "Saravanan,V1"]
[Black "Milanovic,Da"]
[Result "0-1"]
[WhiteElo "2405"]
[BlackElo "2529"]

1.Nf3 d5 2.d4 Nf6 3.c4 c6 4.e3 e6 5.Nc3 Nbd7 6.Qc2 Bd6 7.Bd3 O-O 8.O-O Qe7
9.c5 Bc7 10.e4 dxe4 11.Nxe4 Nxe4 12.Bxe4 h6 13.Re1 Nf6 14.Bd3 b6 15.b4 a5
16.cxb6 Bxb6 17.Qxc6 Qa7 18.Qd6 Bc7 19.Qc5 axb4 20.Qxa7 Rxa7 21.Bd2 Bd6 22.Bc4 Bb7
23.Reb1 Be4 24.Rb2 Rb8 25.Ne5 Rc7 26.Be2 Nd5 27.f3 Bh7 28.Kf2 Rbc8 29.Bd3 Bxd3
30.Nxd3 Rc4 31.Rc1 Rxc1 32.Nxc1 Rc4 33.Ne2 Bc7 34.Ke1 Bb6 35.Kd1 Bxd4 36.Rc2 Bc3
37.Nxc3 bxc3 38.Ke2 cxd2  0-1

[Event "Open"]
[Site "Stare Mesto CZE"]
[Date "2008.08.10"]
[Round "3"]
[White "Bazant,P sr"]
[Black "Rabatin,J"]
[Result "1/2-1/2"]
[WhiteElo "2319"]
[BlackElo "2120"]

1.d4 d5 2.c4 c6 3.Nf3 Nf6 4.Nc3 e6 5.e3 Nbd7 6.Bd3 dxc4 7.Bxc4 b5 8.Bd3 b4
9.Ne4 Nxe4 10.Bxe4 Bb7 11.Qa4 Qb6 12.O-O Be7 13.a3 a5 14.Bd2 O-O 15.Rfc1 Rfc8
16.axb4 axb4 17.Qb3 Nf6 18.Rxa8 Bxa8 19.Bd3 c5 20.dxc5 Bxc5 21.Qc4 Bb7 22.Qb5 Qxb5
23.Bxb5 Ne4 24.Be1 Ra8 25.Bd3 Bd6 26.Nd4 g6 27.Nc6 Nc5 28.Nxb4 Nxd3 29.Nxd3 Be4
30.Nb4 Ra4 31.b3 Ra3 32.f3 Rxb3 33.Rc8+ Kg7 34.Bc3+ Kh6 35.fxe4 Bxb4 36.Bd4 Bd6
37.g3 e5 38.Bc3 Rb7 39.Rd8 Bc5 40.Bxe5 Bxe3+ 41.Kg2 Re7 42.Rd5 Bb6 43.Kf3 Ra7
44.Bb2 Rc7 45.Rb5 Bg1 46.h4 Rc2 47.g4 Bc5 48.Be5 Be7 49.h5 Rc5 50.Bf4+ g5
51.Rxc5 Bxc5 52.Be5 Be7 53.Ke3 f6 54.Bc3 Bc5+ 55.Kd3 Kg7 56.Kc4 Ba3 57.Kd5 Kf7
58.e5 fxe5 59.Kxe5 Be7 60.Kf5 h6 61.Ke4 Bf8 62.Kd5 Be7 63.Be5 Ba3 64.Bc7 Be7
65.Ke5 Ba3 66.Kf5 Bb2 67.Bd8 Bc1 68.Bf6 Ba3 69.Bd4  1/2-1/2

[Event "Open"]
[Site "Stare Mesto CZE"]
[Date "2008.08.10"]
[Round "3"]
[White "Brokken,D"]
[Black "Pecha,T"]
[Result "1-0"]
[WhiteElo "2266"]
[BlackElo "2096"]

1.d4 d5 2.c4 c6 3.Nc3 Nf6 4.e3 e6 5.Nf3 Nbd7 6.Bd3 dxc4 7.Bxc4 b5 8.Bd3 a6
9.e4 b4 10.Na4 c5 11.e5 Nd5 12.Nxc5 Nxc5 13.dxc5 Bxc5 14.O-O h6 15.Qe2 Qb6
16.Bd2 Bb7 17.Rac1 g5 18.Rc4 a5 19.Rfc1 Be7 20.Nd4 Bd8 21.Rc5 Nc3 22.R5xc3 bxc3
23.Bxc3 Ba6 24.Bxa6 Qxa6 25.Nb5 O-O 26.a4 Qc6 27.Nd6 Qxa4 28.Ne4 Be7 29.Qg4 Qb5
30.h4 Kh7 31.hxg5 Rg8 32.Qh5 Rg6 33.Rd1 Qb7 34.Qf3 Kg7 35.gxh6+ Rxh6 36.Qg4+ Rg6
37.Qf4 Rh8 38.f3 Qb6+ 39.Bd4 Qb3 40.Rd2 Qa4 41.Nd6 Qa1+ 42.Kf2 Bh4+ 43.Ke2 Rxg2+
44.Kd3 Qb1+ 45.Kc4 Qc1+ 46.Bc3 Rxd2 47.Qxf7+ Kh6 48.Qxe6+ Kg7 49.Qf7+ Kh6
50.Nf5+ Kg5 51.Qf6+ Kf4 52.Nxh4+ Ke3 53.Qg5+ Ke2 54.Qg2+ Ke3 55.Nf5+ Kf4
56.Qg4+  1-0

[Event "Open"]
[Site "Stare Mesto CZE"]
[Date "2008.08.10"]
[Round "4"]
[White "Tibensky,R"]
[Black "Olsarova,T"]
[Result "1-0"]
[WhiteElo "2416"]
[BlackElo "2075"]

1.d4 d5 2.c4 c6 3.e3 Nf6 4.Nc3 e6 5.Nf3 Nbd7 6.Qc2 Bd6 7.Bd3 dxc4 8.Bxc4 e5
9.O-O O-O 10.h3 Qe7 11.a3 Bb8 12.Ba2 h6 13.Nh4 exd4 14.Nf5 Qd8 15.Nxd4 Nb6
16.Rd1 Qe7 17.Bd2 Bd7 18.Rac1 c5 19.Nf5 Qe5 20.Ng3 Bc6 21.f4 Qc7 22.e4 Nc8
23.e5 Nh7 24.Nd5 Bxd5 25.Bxd5 a6 26.Be3 Ne7 27.Be4  1-0

[Event "Arctic Chess Challenge"]
[Site "Tromso NOR"]
[Date "2008.08.10"]
[Round "9"]
[White "Thomassen,J"]
[Black "Prakken,G"]
[Result "1-0"]
[WhiteElo "2357"]
[BlackElo "2220"]

1.d4 d5 2.c4 e6 3.Nc3 c6 4.e3 Nf6 5.Nf3 Nbd7 6.Qc2 b6 7.cxd5 exd5 8.Bd3 Bb7
9.O-O Be7 10.Ne5 O-O 11.f4 Re8 12.Bd2 Nf8 13.Ne2 Rc8 14.Ng3 Bd6 15.Nf5 c5
16.Qd1 Rc7 17.Qf3 Ne4 18.Bxe4 dxe4 19.Qg3 Ng6 20.Nxd6 Qxd6 21.Bc3 f5 22.dxc5 bxc5
23.Rfd1 Qe6 24.Nxg6 hxg6 25.Be5 Rc6 26.Qg5 Ba6 27.Rd8 Bd3 28.h4 Kf7 29.Rxe8 Kxe8
30.Bxg7 Kd7 31.Kf2 Kc8 32.Rh1 Rc7 33.Be5 Rh7 34.h5 Rxh5 35.Rxh5 gxh5 36.Qxh5 Bb5
37.Qh8+ Be8 38.Qf8 c4 39.Qc5+ Kb7 40.Qc7+ Ka6 41.Bd4 Qf7 42.Qc8+ Kb5 43.Bxa7 Bc6
44.a4+  1-0

[Event "Abkhasian Open"]
[Site "Sukhumi GEO"]
[Date "2008.08.11"]
[Round "9"]
[White "Arzamastsev,A"]
[Black "Elizarov,D"]
[Result "1/2-1/2"]
[WhiteElo "2184"]
[BlackElo "2334"]

1.Nf3 d5 2.d4 Nf6 3.c4 c6 4.e3 e6 5.Nc3 Be7 6.Qc2 Nbd7 7.Bd3 dxc4 8.Bxc4 b5
9.Bd3 a6 10.e4 c5 11.e5 Nd5 12.Nxd5 exd5 13.dxc5 Nxc5 14.O-O Bg4 15.Nd4 Rc8
16.Bf5 Ne6 17.Qd3 Nxd4 18.Bxg4 Ne6 19.Rd1 Rc4 20.Qf3 Nd4 21.Qh3 Qc7 22.Bd2 O-O
23.b3 Rc6 24.Be3 Nc2 25.Bf5 h6 26.Bxc2 Rxc2 27.Rxd5 Qc3 28.Rad1 Rxa2 29.Qg4 Ra1
30.g3 Rxd1+ 31.Qxd1 Qc8 32.f4 Qf5 33.Qd3 Qxd3 34.Rxd3 Rc8 35.h3 a5 36.Kf2  1/2-1/2

[Event "FSGM August"]
[Site "Budapest HUN"]
[Date "2008.08.12"]
[Round "11"]
[White "Genutis,M"]
[Black "Lorscheid,G"]
[Result "1/2-1/2"]
[WhiteElo "2317"]
[BlackElo "2348"]

1.d4 d5 2.c4 c6 3.Nf3 Nf6 4.Nc3 e6 5.e3 Nbd7 6.Qc2 Bd6 7.g4 dxc4 8.Bxc4 e5
9.Bd2 exd4 10.Nxd4 Ne5 11.Be2 Nexg4 12.Nf5 Bxf5 13.Qxf5 Qd7 14.Ne4 Nxe4 15.Qxe4+ Ne5
16.f4 f5 17.Qd4 c5 18.Qd5 Qc6 19.Qxc6+ Nxc6 20.h3  1/2-1/2

[Event "Petrovskaya Ladya GM2"]
[Site "Peterhof RUS"]
[Date "2008.08.12"]
[Round "1"]
[White "Khuseinkhodzhaev,M"]
[Black "Kim,Alex"]
[Result "1-0"]
[WhiteElo "2402"]
[BlackElo "2460"]

1.d4 d5 2.Nf3 Nf6 3.c4 c6 4.Nc3 e6 5.e3 Nbd7 6.Qc2 Bd6 7.Bd3 dxc4 8.Bxc4 O-O
9.O-O h6 10.Rd1 Qc7 11.b3 b5 12.Be2 a6 13.Bb2 c5 14.dxc5 Bxc5 15.Ne4 Bb6
16.Qxc7 Bxc7 17.Rac1 Nd5 18.Nc3 Nxc3 19.Bxc3 Bb6 20.Bb4 Rd8 21.Be7 Re8 22.Rxc8 Raxc8
23.Rxd7 Rc2 24.Bd3 Rxa2 25.g4 Rb2 26.b4 Rb3 27.Be4 Rc3 28.Rb7 Bc7 29.Bc5 Rc8
30.Nd4 Be5 31.Nc6 Bf6 32.Kg2 g6 33.Ra7 Rc4 34.Bf3 Rc2 35.Rxa6 Kh7 36.Kg3 Rc1
37.Be2 h5 38.gxh5 gxh5 39.Bxh5 Rg8+ 40.Kf3 Rg5 41.Bg4 Bg7 42.Ra7 Rg1 43.h3 f5
44.Ke2 fxg4 45.h4 Rg6 46.Ne5 Rf6 47.Bd4 Rg2 48.Nd3 Kg8 49.Rxg7+ Kxg7 50.Nf4 Rh2
51.Nh5+ Kg6 52.Nxf6 g3 53.Kf1 Rxf2+ 54.Kg1 Rh2 55.Ne4 Rxh4 56.Nxg3 e5 57.Bc5 Kf6
58.Kf2 Ke6 59.Kf3 Rc4 60.Ne4 Kd5 61.Nd6 Rc2 62.Nxb5 e4+ 63.Kg3 Rc1 64.Bd4 Kc4
65.Nc3 Rg1+ 66.Kf2  1-0

[Event "Petrovskaya Ladya IM"]
[Site "Peterhof RUS"]
[Date "2008.08.12"]
[Round "1"]
[White "Kaliberda,V"]
[Black "Moiseenko,Va"]
[Result "1/2-1/2"]
[WhiteElo "2328"]
[BlackElo "2225"]

1.d4 d5 2.Nf3 Nf6 3.c4 c6 4.e3 e6 5.Nc3 Nbd7 6.Bd3 dxc4 7.Bxc4 b5 8.Bd3 Bb7
9.O-O Be7 10.e4 b4 11.e5 bxc3 12.exf6 Nxf6 13.bxc3 O-O 14.Rb1 Qc8 15.Qb3 Ba6
16.Bxa6 Qxa6 17.Qb7 Qxb7 18.Rxb7 Bd6 19.Be3 Ne4 20.c4 Rfb8 21.Rd7 Rd8 22.Rb7 c5
23.Ng5 Nxg5 24.dxc5 Bxc5 25.Bxc5 Ne4 26.Bxa7 Nd2 27.Rc1 Nxc4 28.a4 Nd6 29.Rbc7 h6
30.h3 Kh7 31.Bb6 Rdb8 32.a5 Kg6 33.R7c3 Ra6 34.Rd3 Raxb6 35.axb6 Rxb6 36.Kh2 h5
37.Rg3+ Kf6 38.Rf3+ Kg6 39.Rd3 Ne4 40.Rc2 Rb1 41.Rd7 Rf1 42.f3 Nf6 43.Rb7 Nd5
44.Ra2 Ne3 45.Raa7 Rf2 46.Rxf7 Rxg2+ 47.Kh1 Kh6 48.Rae7 Rg6  1/2-1/2

[Event "Open"]
[Site "Ptuj SLO"]
[Date "2008.08.12"]
[Round "5"]
[White "Podkriznik,G"]
[Black "Drnovsek,N"]
[Result "1-0"]
[WhiteElo "2370"]
[BlackElo "2096"]

1.Nf3 d5 2.c4 c6 3.e3 Nf6 4.Nc3 e6 5.d4 Nbd7 6.Qc2 Bd6 7.Bd3 O-O 8.O-O Re8
9.h3 Qe7 10.e4 dxe4 11.Nxe4 Nxe4 12.Bxe4 h6 13.Re1 Nf6 14.c5 Nxe4 15.Qxe4 Bc7
16.Bf4 Bxf4 17.Qxf4 f6 18.Rac1 Bd7 19.Nd2 e5 20.dxe5 fxe5 21.Qb4 Qf6 22.Ne4 Qg6
23.Rc3 b6 24.Rg3 Qe6 25.Rd1 Kh8 26.Rd6 Qe7 27.Rdg6 bxc5 28.Qd2 Bf5 29.Rxg7 Qxg7
30.Rxg7 Kxg7 31.Nd6 Rf8 32.Qc3 Bg6 33.Qxe5+ Kh7 34.f4  1-0

[Event "Open A"]
[Site "Vladimir RUS"]
[Date "2008.08.12"]
[Round "1"]
[White "Gavrilov,Al1"]
[Black "Kolmakov,P"]
[Result "1-0"]
[WhiteElo "2447"]
[BlackElo "2263"]

1.d4 Nf6 2.c4 e6 3.Nf3 d5 4.Nc3 c6 5.e3 Nbd7 6.Bd3 dxc4 7.Bxc4 b5 8.Bd3 Bb7
9.O-O b4 10.Ne4 c5 11.Nxf6+ gxf6 12.e4 Qb6 13.d5 O-O-O 14.a3 exd5 15.exd5 Bxd5
16.axb4 cxb4 17.Ba6+ Bb7 18.Bxb7+ Qxb7 19.Bf4 Bc5 20.Qc2 Rhg8 21.Ra5 Qb6
22.Rfa1 Rg4 23.Be3  1-0